Najwięcej bramek w Juventusie F.C. - Statystyki

Ogólne statystyki
  • Ten quiz został rozwiązany 349 razy
  • Średni wynik to 2 z 10
Statystyki odpowiedzi
Bramki Zawodnik % Poprawnych
289 Alessandro Del Piero
99%
171 David Trezeguet
49%
115 Roberto Baggio
27%
179 Giampiero Boniperti
5%
167 Omar Sívori
4%
178 Roberto Bettega
4%
158 Felice Borel
2%
124 John Hansen
2%
130 Pietro Anastasi
2%
114 Federico Munerati
1%
Nie znaleziono quizów pasujących do podanych kryteriów
Rozkład punktacji
Procent ludzi z każdym wynikiem
Percentyl według liczby udzielonych odpowiedzi
Twoja historia wyników
Nie rozwiązałeś tego quizu